Zefektívnenie verejnej správy s použitím webovej aplikácie

Guardado en:
Detalles Bibliográficos
Autor principal: Piovarči, Denis (Autor)
Otros Autores: Kováčik, Tomáš (Orientador)
Formato: Manuscrito Libro
Lenguaje:eslovaco
Publicado: 2020
Materias:
Acceso en línea:http://is.stuba.sk/zp/portal_zp.pl?podrobnosti=142122
Etiquetas: Agregar Etiqueta
Sin Etiquetas, Sea el primero en etiquetar este registro!

MARC

LEADER 00000ntm a22000003a 4500
001 stuzp80611
003 SK-STU
005 20200620211954.3
007 ta
008 150427s2015----xo-----f-mn---000-0-slo-d
040 |a STU  |b slo 
041 0 |a slo 
100 1 |a Piovarči, Denis  |u 070400  |4 aut  |U FIIT Fakulta informatiky a informačných technológií  |T FIIT Ústav počítačového inžinierstva a aplikovanej informatiky  |X 92127  |U I400  |Y 672  |7 92127 
242 0 1 |a Reenginnering of public administrations using a web application  |y eng 
245 1 0 |a Zefektívnenie verejnej správy s použitím webovej aplikácie 
260 |c 2020 
650 4 |a problémy na cestách  |2 slo 
650 4 |a angažovanie verejnosti  |2 slo 
650 4 |a zber údajov  |2 slo 
650 4 |a road defects  |2 eng 
650 4 |a public engagement  |2 eng 
650 4 |a crowdsourcing  |2 eng 
700 1 |a Kováčik, Tomáš  |u 070400  |k Z2  |4 ths  |U FIIT Fakulta informatiky a informačných technológií  |T FIIT Ústav počítačového inžinierstva a aplikovanej informatiky  |X 11781  |U I400  |Y 672  |7 11781 
856 4 |u http://is.stuba.sk/zp/portal_zp.pl?podrobnosti=142122